The Muslim South and beyond /

Bibliographic Details
Main Author: Tan, Samuel K.
Format: Book
Language:English
Published: Diliman, Quezon City : University of the Philippines Press, [2010]
Subjects:

MARC

Tag First Indicator Second Indicator Subfields
LEADER 00000cam a2200000 a 4500
001 in00002723713
005 20151202143659.0
008 100709s2010 ph b f001 0 eng
010 |a  2010338648 
016 7 |a 015599259  |2 Uk 
020 |a 9789715426329 
020 |a 9715426328 
029 1 |a AU@  |b 000045806964 
035 |a (OCoLC)ocn646717573 
035 |a (OCoLC)646717573 
040 |a DLC  |c DLC  |d SINTU  |d STF  |d YDXCP  |d UKMGB  |d BWX  |d UtOrBLW 
042 |a lcode  |a pcc 
043 |a a-ph--- 
049 |a TXAM 
050 0 0 |a DS666.M8  |b T4536 2010 
100 1 |a Tan, Samuel K. 
245 1 4 |a The Muslim South and beyond /  |c Samuel K. Tan. 
264 1 |a Diliman, Quezon City :  |b University of the Philippines Press,  |c [2010] 
264 4 |c ©2010 
300 |a vi, 185 pages ;  |c 23 cm. 
336 |a text  |b txt  |2 rdacontent 
337 |a unmediated  |b n  |2 rdamedia 
338 |a volume  |b nc  |2 rdacarrier 
504 |a Includes bibliographical references and index. 
651 0 |a Mindanao Island (Philippines)  |x History  |x Autonomy and independence movements. 
650 0 |a Muslims  |x Political activity  |z Philippines  |z Mindanao Island. 
938 |a YBP Library Services  |b YANK  |n 4431231 
938 |a Blackwell Book Service  |b BBUS  |n 4431231 
947 |a A14840471183 
945 |a PromptCat  |b 620287 
946 |a stk 
994 |a 92  |b TXA 
948 |a Cataloged  |b h  |c 2011/10/24  |d c  |e EGrant 
999 |a MARS 
999 f f |s 4f8c7a86-62fc-39ab-8080-71ee5c7dfe11  |i ceb4d775-2fcc-38f7-8e65-34df51321fae  |t 0 
952 f f |p normal  |a Texas A&M University  |b College Station  |c Sterling C. Evans Library  |d Evans: Library Stacks  |t 0  |e DS666.M8 T4536 2010  |h Library of Congress classification  |i unmediated -- volume  |m A14840471183 
998 f f |a DS666.M8 T4536 2010  |t 0  |l Evans: Library Stacks